Statistics for Asian Geography By Letter - E

Click here to take the quiz!

General Stats

  • This quiz has been taken 5,706 times
    (5,504 since last reset)
  • The average score is 12 of 20

Answer Stats

ClueAnswer% Correct
World's tallest mountainEverest
99%
Country that borders IndonesiaEast Timor
94%
Companion to the TigrisEuphrates
87%
National animal of ThailandElephant
85%
Title of the ruler of DubaiEmir
85%
Country of Sinai PeninsulaEgypt
84%
Animal on Kazakhstan's flagEagle
76%
Nickname of AfghanistanGraveyard of
{Empires}
76%
Former name of TokyoEdo
70%
Sea Shanghai overlooksEast China Sea
68%
Former name of BangladeshEast Pakistan
64%
Currency of the Republic of CyprusEuro
58%
One of India's official languagesEnglish
55%
National airline of IsraelEl Al
43%
Indigenous people of eastern SiberiaEskimo
28%
Capital of the Iraqi KurdistanErbil
27%
Proposed capital of a future
Palestinian state
East Jerusalem
26%
Term that refers to the islands
of Southeast Asia
East Indies
21%
The Temple of Artemis of this ancient
Greek city in Turkey is one of the
Seven Wonders of the Ancient World
Ephesus
20%
Nickname of IndonesiaThe {Emerald}
of the Equator
19%

Score Distribution

Percentile by Number Answered

Percent of People with Each Score

Your Score History

You have not taken this quiz since the last reset